Statistiques concernant Les mots de la langue française terminés par "eille"

Cliquez ici pour prendre le quiz!

Statistiques générales

  • Ce quiz a été pris 357 fois
  • Le résultat moyen est 12 sur 15

Statistiques - réponses

IndiceMot% Correct
fruit rougegroseille
95%
identiquepareille
95%
argentoseille
94%
mielabeille
89%
ville françaiseMarseille
88%
prénom fémininMireille
87%
hierveille
86%
paniercorbeille
80%
corbeaucorneille
80%
flaconbouteille
79%
rougevermeille
76%
enchantementmerveille
72%
auditionoreille
71%
plus jeunevieille
61%
raisintreille
29%

Distribution des résultats

Percentile par nombre de réponses

% des personnes avec chaque résultat

Votre développement - résultats

Vous n’avez pas pris ce quiz